| 000 | 00646nam a2200181Ia 4500 | ||
|---|---|---|---|
| 008 | 090123s9999 xx 000 0 und d | ||
| 082 |
_b17919 _a891.463/कुल |
||
| 100 | _aकुलकर्णी पद्मा | ||
| 245 | _aकौर्य नाझी नेत्राचे | ||
| 250 | _a1 | ||
| 260 |
_bआशिष प्रकाशन _c1990 |
||
| 300 | _a238 | ||
| 600 | _aकुलकर्णी पद्मा | ||
| 630 | _aकौर्य नाझी नेत्राचे | ||
| 700 | _aकुलकर्णी पद्मा | ||
| 730 | _aकौर्य नाझी नेत्राचे | ||
| 942 | _cBOOK | ||
| 999 |
_c55979 _d55979 |
||